[Event "World Chess Olympiad 2018"]
[Site "Batumi"]
[Date "2018.10.03"]
[Round "9"]
[Board "3"]
[WhiteFideId "21200203"]
[White "Kouya Tyeoulou Bernardin Franklin"]
[BlackFideId "9205365"]
[Black "Naser Eldean Ahmed"]
[Result "1/2-1/2"]
[LiveChessVersion "1.4.8"]
[BlackElo "1906"]
[WhiteElo "1753"]

1. d4 {[%clk 1:30:55]} d5 {[%clk 1:30:53]} 2. Nf3 {[%clk 1:31:16]} Nf6
{[%clk 1:31:06]} 3. c3 {[%clk 1:31:39]} c5 {[%clk 1:31:25]} 4. e3
{[%clk 1:31:57]} Bg4 {[%clk 1:31:08]} 5. Nbd2 {[%clk 1:32:18]} e6
{[%clk 1:31:30]} 6. Qa4+ {[%clk 1:31:52]} Nbd7 {[%clk 1:31:20]} 7. Bb5
{[%clk 1:31:29]} a6 {[%clk 1:30:31]} 8. Be2 {[%clk 1:27:40]} b5 {[%clk 1:30:45]}
9. Qd1 {[%clk 1:27:40]} Bd6 {[%clk 1:30:38]} 10. h3 {[%clk 1:27:45]} Bf5
{[%clk 1:28:44]} 11. O-O {[%clk 1:27:24]} h6 {[%clk 1:28:52]} 12. dxc5
{[%clk 1:27:28]} Nxc5 {[%clk 1:29:06]} 13. Nd4 {[%clk 1:27:40]} Bg6
{[%clk 1:29:01]} 14. a4 {[%clk 1:27:20]} bxa4 {[%clk 1:26:48]} 15. N2f3
{[%clk 1:25:20]} O-O {[%clk 1:26:57]} 16. Nc6 {[%clk 1:22:48]} Qc7
{[%clk 1:27:12]} 17. Nb4 {[%clk 1:22:53]} a5 {[%clk 1:25:15]} 18. Nd3
{[%clk 1:22:36]} Nfe4 {[%clk 1:25:35]} 19. Nd4 {[%clk 1:22:17]} Qb6
{[%clk 1:23:42]} 20. Nxc5 {[%clk 1:22:03]} Nxc5 {[%clk 1:23:40]} 21. Kh1
{[%clk 1:20:17]} Rab8 {[%clk 1:17:43]} 22. f3 {[%clk 1:15:23]} Rfc8
{[%clk 1:13:58]} 23. Nb5 {[%clk 1:12:45]} Be7 {[%clk 1:14:12]} 24. Nd4
{[%clk 1:09:40]} Bf6 {[%clk 1:14:09]} 25. Re1 {[%clk 1:09:16]} Qd6
{[%clk 1:13:45]} 26. Bf1 {[%clk 1:08:09]} e5 {[%clk 1:11:40]} 27. Nb5
{[%clk 1:06:42]} Qd7 {[%clk 1:11:34]} 28. c4 {[%clk 1:04:32]} dxc4
{[%clk 1:01:39]} 29. Qxd7 {[%clk 1:04:25]} Nxd7 {[%clk 1:01:57]} 30. Nd6
{[%clk 1:04:50]} Rc5 {[%clk 0:49:56]} 31. Nxc4 {[%clk 1:04:55]} Rb4
{[%clk 0:42:02]} 32. Rd1 {[%clk 0:59:05]} Nf8 {[%clk 0:38:07]} 33. Nd6
{[%clk 0:59:22]} Bh4 {[%clk 0:34:46]} 34. e4 {[%clk 0:59:23]} Ne6
{[%clk 0:30:13]} 35. Rd5 {[%clk 0:57:04]} Rxd5 {[%clk 0:29:11]} 36. exd5
{[%clk 0:57:23]} Nf4 {[%clk 0:29:18]} 37. Bxf4 {[%clk 0:56:08]} exf4
{[%clk 0:29:43]} 38. Nc4 {[%clk 0:56:10]} Rb5 {[%clk 0:04:22]} 39. d6
{[%clk 0:54:35]} Rd5 {[%clk 0:04:24]} 40. Be2 {[%clk 1:23:46]} Bc2
{[%clk 0:34:31]} 41. Rc1 {[%clk 1:23:34]} Bb3 {[%clk 0:29:20]} 42. Kg1
{[%clk 1:23:05]} Bxc4 {[%clk 0:20:13]} 43. Rxc4 {[%clk 1:22:46]} Rxd6
{[%clk 0:20:38]} 44. Rxf4 {[%clk 1:22:26]} Bg3 {[%clk 0:09:16]} 45. Rxa4
{[%clk 1:22:10]} Rd2 {[%clk 0:09:12]} 46. Bf1 {[%clk 1:22:29]} Bc7
{[%clk 0:08:16]} 47. b3 {[%clk 1:22:47]} Rd1 {[%clk 0:08:26]} 48. g4
{[%clk 1:22:53]} Bb6+ {[%clk 0:08:12]} 49. Kg2 {[%clk 1:23:21]} Rd2+
{[%clk 0:08:34]} 50. Kg3 {[%clk 1:23:23]} g5 {[%clk 0:09:00]} 51. Rc4
{[%clk 1:21:00]} Be3 {[%clk 0:08:03]} 52. f4 {[%clk 1:20:54]} gxf4+
{[%clk 0:07:02]} 53. Kh4 {[%clk 1:21:22]} Rd5 {[%clk 0:02:16]} 54. g5
{[%clk 1:20:40]} Rxg5 {[%clk 0:02:09]} 55. Rc2 {[%clk 1:20:54]} Bd4
{[%clk 0:01:59]} 56. Rg2 {[%clk 1:21:18]} f6 {[%clk 0:01:15]} 57. Rxg5+
{[%clk 1:21:12]} fxg5+ {[%clk 0:01:41]} 58. Kg4 {[%clk 1:21:23]} Kg7
{[%clk 0:02:03]} 59. h4 {[%clk 1:21:30]} Kf6 {[%clk 0:01:16]} 60. hxg5+
{[%clk 1:21:28]} hxg5 {[%clk 0:01:42]} 61. Bg2 {[%clk 1:20:51]} Bc5
{[%clk 0:01:56]} 62. Bf3 {[%clk 1:20:15]} Be7 {[%clk 0:02:15]} 63. Bc6
{[%clk 1:20:12]} Ke5 {[%clk 0:02:40]} 64. Kf3 {[%clk 1:19:44]} Kd4
{[%clk 0:02:37]} 65. Bd7 {[%clk 1:19:56]} Kc3 {[%clk 0:02:50]} 66. Be6
{[%clk 1:20:22]} Kd2 {[%clk 0:03:15]} 67. Bg4 {[%clk 1:20:05]} Ke1
{[%clk 0:02:50]} 68. Bh3 {[%clk 1:20:23]} Bd8 {[%clk 0:03:11]} 69. Bg4
{[%clk 1:20:26]} Kf1 {[%clk 0:03:28]} 70. Bh3+ {[%clk 1:20:14]} Kg1
{[%clk 0:03:53]} 71. Bg4 {[%clk 1:20:39]} Kh2 {[%clk 0:04:15]} 72. Bf5
{[%clk 1:20:55]} Bb6 {[%clk 0:04:33]} 1/2-1/2

[Event "Wolrd Chess Olympiad 2018"]
[Site "Batumi"]
[Date "2018.10.03"]
[Round "9"]
[Board "1"]
[WhiteFideId "12600407"]
[White "Mensah Joseph Jamena"]
[BlackFideId "22400052"]
[Black "Gadeanang Andrew"]
[Result "1-0"]
[LiveChessVersion "1.4.8"]
[BlackElo "1551"]
[WhiteElo "1999"]

1. e4 {[%clk 1:30:58]} e5 {[%clk 1:23:26]} 2. Nf3 {[%clk 1:31:24]} Nc6
{[%clk 1:23:42]} 3. d4 {[%clk 1:31:51]} exd4 {[%clk 1:23:40]} 4. Bc4
{[%clk 1:32:18]} Be7 {[%clk 1:23:42]} 5. c3 {[%clk 1:32:38]} d6 {[%clk 1:20:27]}
6. Qb3 {[%clk 1:32:55]} Be6 {[%clk 1:18:35]} 7. Qxb7 {[%clk 1:31:37]} Na5
{[%clk 1:18:29]} 8. Bb5+ {[%clk 1:31:52]} c6 {[%clk 1:17:34]} 9. Bxc6+
{[%clk 1:32:06]} Nxc6 {[%clk 1:17:49]} 10. Qxc6+ {[%clk 1:32:27]} Bd7
{[%clk 1:18:11]} 11. Qa6 {[%clk 1:32:04]} Nf6 {[%clk 1:18:19]} 12. O-O
{[%clk 1:26:32]} O-O {[%clk 1:18:28]} 13. Re1 {[%clk 1:26:34]} d5
{[%clk 1:14:44]} 14. e5 {[%clk 1:26:03]} Ne4 {[%clk 1:14:36]} 15. cxd4
{[%clk 1:26:23]} Bb4 {[%clk 1:14:37]} 16. Bd2 {[%clk 1:26:32]} Bxd2
{[%clk 1:12:19]} 17. Nbxd2 {[%clk 1:26:59]} Bg4 {[%clk 1:11:52]} 18. Nxe4
{[%clk 1:26:35]} Bxf3 {[%clk 1:12:08]} 19. gxf3 {[%clk 1:26:29]} dxe4
{[%clk 1:12:18]} 20. Rxe4 {[%clk 1:26:55]} f5 {[%clk 1:11:10]} 21. Qc4+
{[%clk 1:26:28]} Kh8 {[%clk 1:11:23]} 22. Re2 {[%clk 1:26:45]} Rc8
{[%clk 1:10:27]} 23. Qd3 {[%clk 1:26:56]} f4 {[%clk 1:09:40]} 24. d5
{[%clk 1:26:49]} Qh4 {[%clk 1:06:34]} 25. Kh1 {[%clk 1:27:00]} Qh3
{[%clk 1:06:32]} 26. Rg1 {[%clk 1:27:06]} Rf5 {[%clk 1:06:31]} 27. Ree1
{[%clk 1:26:44]} Rh5 {[%clk 1:04:48]} 28. Rg2 {[%clk 1:27:12]} g5
{[%clk 1:04:38]} 29. e6 {[%clk 1:26:55]} Rd8 {[%clk 0:55:13]} 30. e7
{[%clk 1:26:55]} Re8 {[%clk 0:55:34]} 31. d6 {[%clk 1:27:19]} Qd7
{[%clk 0:55:50]} 32. Qd4+ {[%clk 1:26:37]} Kg8 {[%clk 0:56:08]} 33. Qf6
{[%clk 1:26:10]} 1-0

[Event "Wolrd Chess Olympiad 2018"]
[Site "Batumi"]
[Date "2018.10.03"]
[Round "9"]
[Board "2"]
[WhiteFideId "22400079"]
[White "Dabuae David"]
[BlackFideId "12600148"]
[Black "Anquandah Francis Eric"]
[Result "0-1"]
[LiveChessVersion "1.4.8"]
[BlackElo "1992"]
[WhiteElo "1723"]

1. e4 {[%clk 1:30:59]} d5 {[%clk 1:30:52]} 2. exd5 {[%clk 1:31:28]} Qxd5
{[%clk 1:31:12]} 3. Nc3 {[%clk 1:31:56]} Qa5 {[%clk 1:31:31]} 4. Nf3
{[%clk 1:32:24]} c6 {[%clk 1:31:42]} 5. Be2 {[%clk 1:32:25]} Bf5 {[%clk 1:32:02]}
6. O-O {[%clk 1:32:48]} e6 {[%clk 1:32:22]} 7. d3 {[%clk 1:33:11]} Nf6
{[%clk 1:32:33]} 8. Bd2 {[%clk 1:33:40]} Qc7 {[%clk 1:32:44]} 9. h3
{[%clk 1:33:45]} Nbd7 {[%clk 1:32:50]} 10. d4 {[%clk 1:31:27]} Bd6
{[%clk 1:33:04]} 11. Be3 {[%clk 1:31:45]} h6 {[%clk 1:32:54]} 12. Bd3
{[%clk 1:32:03]} Bxd3 {[%clk 1:32:20]} 13. Qxd3 {[%clk 1:32:31]} O-O
{[%clk 1:31:11]} 14. Ne4 {[%clk 1:33:00]} Bf4 {[%clk 1:29:47]} 15. Nxf6+
{[%clk 1:30:41]} Nxf6 {[%clk 1:29:58]} 16. Rad1 {[%clk 1:27:36]} Rfd8
{[%clk 1:27:44]} 17. Rfe1 {[%clk 1:27:05]} Rac8 {[%clk 1:21:10]} 18. Qd2
{[%clk 1:17:28]} Bxe3 {[%clk 1:10:41]} 19. Qxe3 {[%clk 1:17:55]} Rd6
{[%clk 1:10:28]} 20. c4 {[%clk 1:15:14]} Rcd8 {[%clk 1:10:04]} 21. Qe5
{[%clk 1:13:52]} Qc8 {[%clk 1:05:16]} 22. b4 {[%clk 1:11:11]} b6 {[%clk 1:05:02]}
23. Qe2 {[%clk 1:01:53]} Qa6 {[%clk 0:59:46]} 24. Qc2 {[%clk 1:02:22]} Qb7
{[%clk 0:56:25]} 25. Rb1 {[%clk 1:01:37]} b5 {[%clk 0:55:22]} 26. a4
{[%clk 1:01:19]} a6 {[%clk 0:54:37]} 27. axb5 {[%clk 0:59:56]} axb5
{[%clk 0:54:29]} 28. c5 {[%clk 0:57:05]} Rd5 {[%clk 0:54:25]} 29. Ra1
{[%clk 0:57:05]} Rf5 {[%clk 0:48:35]} 30. Qb2 {[%clk 0:54:26]} Nh5
{[%clk 0:42:19]} 31. Ra3 {[%clk 0:54:25]} Nf4 {[%clk 0:41:10]} 32. Rea1
{[%clk 0:48:03]} Qd7 {[%clk 0:40:43]} 33. Qa2 {[%clk 0:41:52]} Qd5
{[%clk 0:29:37]} 34. Qxd5 {[%clk 0:42:17]} Nxd5 {[%clk 0:26:33]} 35. Rb3
{[%clk 0:42:34]} f6 {[%clk 0:22:16]} 36. Ra7 {[%clk 0:39:48]} Kh7
{[%clk 0:17:35]} 37. g3 {[%clk 0:31:49]} e5 {[%clk 0:11:12]} 38. dxe5
{[%clk 0:31:51]} fxe5 {[%clk 0:10:20]} 39. g4 {[%clk 0:30:15]} Rf4
{[%clk 0:10:43]} 40. Nxe5 {[%clk 0:59:33]} Nxb4 {[%clk 0:41:09]} 41. Rc7
{[%clk 0:54:43]} Rd5 {[%clk 0:37:40]} 42. Nxc6 {[%clk 0:39:32]} Rxc5
{[%clk 0:36:47]} 43. Rxg7+ {[%clk 0:39:34]} Kxg7 {[%clk 0:36:49]} 44. Nxb4
{[%clk 0:40:01]} Rd4 {[%clk 0:29:14]} 45. Kf1 {[%clk 0:39:22]} Rcc4
{[%clk 0:28:45]} 46. Nd3 {[%clk 0:37:32]} Rc2 {[%clk 0:24:27]} 47. Ke1
{[%clk 0:33:32]} Rd8 {[%clk 0:21:41]} 48. Nf4 {[%clk 0:25:21]} Re8+
{[%clk 0:21:10]} 49. Kf1 {[%clk 0:23:35]} Rb8 {[%clk 0:20:50]} 50. Nd3
{[%clk 0:22:20]} Kf6 {[%clk 0:20:25]} 51. Nb4 {[%clk 0:22:25]} Rc4
{[%clk 0:18:17]} 52. Ke2 {[%clk 0:20:30]} Ke6 {[%clk 0:17:39]} 53. Re3+
{[%clk 0:20:15]} Kd6 {[%clk 0:15:32]} 54. Rd3+ {[%clk 0:20:44]} Ke5
{[%clk 0:15:35]} 55. Re3+ {[%clk 0:21:04]} Kd6 {[%clk 0:15:13]} 56. Rd3+
{[%clk 0:21:28]} Ke6 {[%clk 0:15:24]} 57. Re3+ {[%clk 0:21:19]} Kf7
{[%clk 0:15:53]} 58. Rf3+ {[%clk 0:21:24]} Kg7 {[%clk 0:16:00]} 59. Rb3
{[%clk 0:21:49]} Ra8 {[%clk 0:16:09]} 60. Nd3 {[%clk 0:21:21]} Ra5
{[%clk 0:14:14]} 61. f4 {[%clk 0:21:31]} Ra2+ {[%clk 0:13:21]} 62. Kf3
{[%clk 0:18:23]} Rh2 {[%clk 0:10:28]} 63. Kg3 {[%clk 0:16:35]} Rhc2
{[%clk 0:10:50]} 64. Kh4 {[%clk 0:11:29]} R2c3 {[%clk 0:10:45]} 65. Rxb5
{[%clk 0:11:38]} Rxd3 {[%clk 0:10:38]} 66. Rb7+ {[%clk 0:12:05]} Kg8
{[%clk 0:10:48]} 67. f5 {[%clk 0:10:17]} Rdc3 {[%clk 0:09:25]} 68. Rb8+
{[%clk 0:07:38]} Kg7 {[%clk 0:09:44]} 69. Rb7+ {[%clk 0:08:06]} Rc7
{[%clk 0:09:22]} 70. Rb6 {[%clk 0:08:34]} R3c6 {[%clk 0:08:54]} 71. Rb3
{[%clk 0:09:03]} Kf6 {[%clk 0:09:16]} 72. Re3 {[%clk 0:09:13]} h5
{[%clk 0:08:57]} 73. Rf3 {[%clk 0:09:05]} hxg4 {[%clk 0:09:03]} 74. hxg4
{[%clk 0:09:25]} Rh7+ {[%clk 0:09:25]} 75. Kg3 {[%clk 0:09:50]} Kg5
{[%clk 0:09:30]} 76. f6 {[%clk 0:10:12]} Rxf6 {[%clk 0:09:44]} 77. Re3
{[%clk 0:10:23]} Rhf7 {[%clk 0:09:55]} 78. Re5+ {[%clk 0:10:44]} Kg6
{[%clk 0:10:19]} 79. Kh4 {[%clk 0:10:56]} Rf1 {[%clk 0:10:06]} 80. Re6+
{[%clk 0:09:37]} R7f6 {[%clk 0:10:14]} 81. Re7 {[%clk 0:09:49]} Rg1
{[%clk 0:10:18]} 82. Re5 {[%clk 0:08:33]} Kf7 {[%clk 0:10:34]} 83. Rg5
{[%clk 0:08:40]} Rh6+ {[%clk 0:09:49]} 0-1

[Event "Wolrd Chess Olympiad 2018"]
[Site "Batumi"]
[Date "2018.10.03"]
[Round "9"]
[Board "3"]
[WhiteFideId "12600784"]
[White "Ajavon Anthony Obieni"]
[BlackFideId "22400117"]
[Black "Taleka Jed Selu"]
[Result "1-0"]
[LiveChessVersion "1.4.8"]
[BlackElo "1723"]
[WhiteElo "1902"]

1. Nf3 {[%clk 1:30:52]} d5 {[%clk 1:30:04]} 2. e3 {[%clk 1:30:38]} Bg4
{[%clk 1:30:14]} 3. d4 {[%clk 1:29:39]} Nf6 {[%clk 1:30:13]} 4. Nbd2
{[%clk 1:29:30]} Nbd7 {[%clk 1:30:28]} 5. h3 {[%clk 1:29:24]} Bh5
{[%clk 1:30:35]} 6. Be2 {[%clk 1:27:24]} e6 {[%clk 1:30:36]} 7. O-O
{[%clk 1:24:33]} Bxf3 {[%clk 1:30:45]} 8. Bxf3 {[%clk 1:24:14]} c6
{[%clk 1:30:56]} 9. Re1 {[%clk 1:23:33]} Be7 {[%clk 1:31:12]} 10. c3
{[%clk 1:22:12]} Qc7 {[%clk 1:31:20]} 11. a4 {[%clk 1:20:37]} h5 {[%clk 1:31:08]}
12. e4 {[%clk 1:18:44]} dxe4 {[%clk 1:31:36]} 13. Nxe4 {[%clk 1:19:00]} Nxe4
{[%clk 1:31:54]} 14. Bxe4 {[%clk 1:17:47]} g5 {[%clk 1:31:41]} 15. g3
{[%clk 1:07:04]} O-O-O 16. b4 Bd6 {[%clk 1:27:40]} 17. Bxg5 {[%clk 0:57:59]} Rdg8
{[%clk 1:27:38]} 18. Bh4 {[%clk 0:57:55]} f5 {[%clk 1:27:58]} 19. Bg2
{[%clk 0:57:49]} f4 {[%clk 1:28:13]} 20. Rxe6 {[%clk 0:56:11]} fxg3
{[%clk 1:27:45]} 21. f3 {[%clk 0:54:59]} Nb6 {[%clk 1:26:52]} 22. Qc2
{[%clk 0:45:19]} Nd5 {[%clk 1:24:30]} 23. Rae1 {[%clk 0:40:39]} Qd7
{[%clk 1:22:20]} 24. R6e4 {[%clk 0:22:00]} Re8 {[%clk 1:21:40]} 25. Bg5
{[%clk 0:17:02]} Bf4 {[%clk 1:20:05]} 26. Bxf4 {[%clk 0:11:41]} Nxf4
{[%clk 1:20:22]} 27. h4 {[%clk 0:10:08]} Qf7 {[%clk 1:18:42]} 28. Qd2
{[%clk 0:06:00]} Rhf8 {[%clk 1:17:42]} 29. Rxe8+ {[%clk 0:04:48]} Rxe8
{[%clk 1:17:50]} 30. Rxe8+ {[%clk 0:03:57]} Qxe8 {[%clk 1:18:10]} 31. Bf1
{[%clk 0:03:51]} Nd5 {[%clk 1:18:11]} 32. c4 {[%clk 0:02:54]} Qe3+
{[%clk 1:18:32]} 33. Qxe3 {[%clk 0:02:27]} Nxe3 {[%clk 1:18:54]} 34. Bd3
{[%clk 0:02:03]} Kd7 {[%clk 1:17:14]} 35. c5 {[%clk 0:01:29]} Ke6
{[%clk 1:16:45]} 36. Bg6 {[%clk 0:01:50]} Kd5 {[%clk 1:15:33]} 37. Bxh5
{[%clk 0:01:55]} Nf5 {[%clk 1:15:23]} 38. Kg2 {[%clk 0:01:22]} Nxh4+
{[%clk 1:15:46]} 39. Kxg3 {[%clk 0:01:19]} Nf5+ {[%clk 1:16:01]} 40. Kf4
{[%clk 0:01:10]} Ne7 {[%clk 1:17:48]} 41. Bf7+ {[%clk 0:00:35]} Kxd4
{[%clk 1:18:04]} 42. Kg5 {[%clk 0:29:57]} a5 {[%clk 1:48:15]} 43. Kf6
{[%clk 0:20:46]} Nc8 {[%clk 1:47:03]} 44. Be6 {[%clk 0:20:41]} Na7
{[%clk 1:47:12]} 45. bxa5 {[%clk 0:20:30]} Kxc5 {[%clk 1:46:50]} 46. Ke7
{[%clk 0:20:29]} Kb4 {[%clk 1:44:41]} 47. f4 {[%clk 0:20:13]} c5 {[%clk 1:45:04]}
48. f5 {[%clk 0:18:57]} Nc6+ {[%clk 1:45:17]} 49. Kd6 {[%clk 0:15:26]} Kxa5
{[%clk 1:31:57]} 50. f6 {[%clk 0:14:42]} Nd8 {[%clk 1:32:13]} 51. Kd7
{[%clk 0:14:44]} Nc6 {[%clk 1:32:33]} 52. Kd6 {[%clk 0:12:48]} Nd8
{[%clk 1:32:18]} 53. Bd5 {[%clk 0:13:01]} c4 {[%clk 1:28:03]} 54. Bxc4
{[%clk 0:13:23]} Kxa4 {[%clk 1:26:15]} 55. Bd5 {[%clk 0:13:49]} 1-0

[Event "Wolrd Chess Olympiad 2018"]
[Site "Batumi"]
[Date "2018.10.03"]
[Round "9"]
[Board "1"]
[WhiteFideId "19800029"]
[White "Traore Bakary"]
[BlackFideId "8800871"]
[Black "Gontcharov Serguei"]
[Result "1-0"]
[LiveChessVersion "1.4.8"]
[BlackElo "1875"]
[WhiteElo "2169"]

1. e4 {[%clk 1:30:50]} c5 {[%clk 1:30:53]} 2. Nf3 {[%clk 1:31:12]} e6
{[%clk 1:31:17]} 3. d4 {[%clk 1:31:34]} cxd4 {[%clk 1:31:42]} 4. Nxd4
{[%clk 1:31:58]} a6 {[%clk 1:32:08]} 5. Nc3 {[%clk 1:32:11]} Qc7 {[%clk 1:32:22]}
6. Be2 {[%clk 1:32:00]} b5 {[%clk 1:32:43]} 7. a3 {[%clk 1:31:18]} Bb7
{[%clk 1:30:46]} 8. O-O {[%clk 1:30:54]} Nf6 {[%clk 1:31:00]} 9. Bf3
{[%clk 1:30:45]} d6 {[%clk 1:30:55]} 10. Re1 {[%clk 1:29:11]} Nbd7
{[%clk 1:31:06]} 11. a4 {[%clk 1:29:00]} bxa4 {[%clk 1:26:26]} 12. Nxa4
{[%clk 1:28:49]} Be7 {[%clk 1:25:44]} 13. g3 {[%clk 1:26:16]} O-O
{[%clk 1:21:55]} 14. b3 {[%clk 1:24:38]} d5 {[%clk 1:11:24]} 15. exd5
{[%clk 1:24:15]} Bxd5 {[%clk 1:11:02]} 16. Bxd5 {[%clk 1:22:05]} Nxd5
{[%clk 1:11:20]} 17. c4 {[%clk 1:21:16]} N5f6 {[%clk 1:08:16]} 18. Bb2
{[%clk 1:18:58]} Rfd8 {[%clk 1:06:54]} 19. Qe2 {[%clk 1:18:47]} Bb4
{[%clk 1:03:46]} 20. Red1 {[%clk 1:18:21]} Qb7 {[%clk 0:58:54]} 21. Rd3
{[%clk 1:12:27]} Ne4 {[%clk 0:51:23]} 22. Re3 {[%clk 1:02:44]} Ndf6
{[%clk 0:42:16]} 23. Rd1 {[%clk 1:00:28]} Rd7 {[%clk 0:37:26]} 24. Nc2
{[%clk 0:56:16]} Rxd1+ {[%clk 0:24:45]} 25. Qxd1 {[%clk 0:56:27]} Be7
{[%clk 0:24:00]} 26. Rd3 {[%clk 0:50:15]} h6 {[%clk 0:16:48]} 27. f3
{[%clk 0:45:09]} Ng5 {[%clk 0:16:04]} 28. Kg2 {[%clk 0:42:47]} Qc7
{[%clk 0:14:27]} 29. Qe2 {[%clk 0:40:14]} Rd8 {[%clk 0:08:57]} 30. Rxd8+
{[%clk 0:37:37]} Qxd8 {[%clk 0:08:36]} 31. Ne1 {[%clk 0:34:21]} Qb8
{[%clk 0:06:10]} 32. Qe3 {[%clk 0:31:34]} a5 {[%clk 0:03:33]} 33. Nc2
{[%clk 0:27:43]} Nd7 {[%clk 0:03:25]} 34. Nd4 {[%clk 0:20:59]} Bc5
{[%clk 0:02:02]} 35. Nxc5 {[%clk 0:19:27]} Nxc5 {[%clk 0:02:25]} 36. Nb5
{[%clk 0:18:59]} Qc8 {[%clk 0:00:59]} 37. h4 {[%clk 0:16:35]} Nh7
{[%clk 0:01:20]} 38. Ba3 {[%clk 0:15:27]} Na6 {[%clk 0:01:11]} 39. Qb6
{[%clk 0:13:52]} Qd7 {[%clk 0:00:56]} 40. Qxa6 {[%clk 0:43:18]} Qd2+
{[%clk 0:31:10]} 41. Kh3 {[%clk 0:42:09]} Qf2 {[%clk 0:23:52]} 42. Qc8+
{[%clk 0:40:18]} Nf8 {[%clk 0:24:15]} 43. Qxf8+ {[%clk 0:40:09]} Kh7
{[%clk 0:24:40]} 44. Qxf7 {[%clk 0:39:58]} Qf1+ {[%clk 0:19:27]} 45. Kg4
{[%clk 0:40:00]} 1-0

[Event "Wolrd Chess Olympiad 2018"]
[Site "Batumi"]
[Date "2018.10.03"]
[Round "9"]
[Board "2"]
[WhiteFideId "8800170"]
[White "Lill Sami"]
[BlackFideId "19800380"]
[Black "Maiga Baba Moulaye Abdalla"]
[Result "1/2-1/2"]
[LiveChessVersion "1.4.8"]
[BlackElo "1978"]
[WhiteElo "1844"]

1. c4 {[%clk 1:30:49]} e5 {[%clk 1:30:43]} 2. Nc3 {[%clk 1:30:58]} Nc6
{[%clk 1:30:50]} 3. g3 {[%clk 1:31:15]} a6 {[%clk 1:30:47]} 4. Bg2
{[%clk 1:31:17]} Nf6 {[%clk 1:31:10]} 5. a3 {[%clk 1:31:09]} Bc5 {[%clk 1:31:14]}
6. e3 {[%clk 1:30:47]} O-O {[%clk 1:31:04]} 7. b4 {[%clk 1:30:45]} Be7
{[%clk 1:31:05]} 8. Nge2 {[%clk 1:30:34]} d6 {[%clk 1:31:03]} 9. O-O
{[%clk 1:29:40]} Rb8 {[%clk 1:30:58]} 10. d4 {[%clk 1:26:37]} exd4
{[%clk 1:29:47]} 11. exd4 {[%clk 1:25:44]} Bg4 {[%clk 1:28:00]} 12. Be3
{[%clk 1:22:16]} Bxe2 {[%clk 1:27:24]} 13. Qxe2 {[%clk 1:21:10]} Qd7
{[%clk 1:27:32]} 14. Rab1 {[%clk 1:18:43]} h6 {[%clk 1:22:26]} 15. h3
{[%clk 1:17:14]} Nh7 {[%clk 1:21:22]} 16. Nd5 {[%clk 1:11:22]} Rfe8
{[%clk 1:19:34]} 17. Nxe7+ {[%clk 1:07:36]} Rxe7 {[%clk 1:19:15]} 18. Qd2
{[%clk 1:05:34]} Rbe8 {[%clk 1:16:45]} 19. b5 {[%clk 1:02:39]} Nd8
{[%clk 1:14:38]} 20. a4 {[%clk 0:54:55]} axb5 {[%clk 1:13:20]} 21. axb5
{[%clk 0:54:02]} b6 {[%clk 1:10:47]} 22. Rbe1 {[%clk 0:48:40]} Qf5
{[%clk 1:10:26]} 23. Bf4 {[%clk 0:42:09]} Rxe1 {[%clk 1:08:31]} 24. Rxe1
{[%clk 0:42:24]} Rxe1+ {[%clk 1:07:49]} 25. Qxe1 {[%clk 0:42:41]} Qe6
{[%clk 1:07:24]} 26. Qc1 {[%clk 0:39:04]} Nf6 {[%clk 1:05:08]} 27. Be3
{[%clk 0:35:52]} Qf5 {[%clk 1:04:41]} 28. Qa3 {[%clk 0:31:18]} Qc8
{[%clk 1:00:52]} 29. Qa6 {[%clk 0:29:11]} Qd7 {[%clk 0:59:15]} 30. Kf1
{[%clk 0:27:03]} Kh7 {[%clk 0:57:59]} 31. Qa8 {[%clk 0:25:26]} Ne6 32. Ke2
{[%clk 0:18:49]} Qe7 {[%clk 0:56:38]} 33. Kd3 {[%clk 0:17:50]} g6
{[%clk 0:54:57]} 34. Qa2 {[%clk 0:15:43]} Ng5 {[%clk 0:51:33]} 35. Bxg5
{[%clk 0:13:58]} hxg5 {[%clk 0:45:17]} 36. Qd2 {[%clk 0:14:20]} Ne8
{[%clk 0:41:38]} 37. Bc6 {[%clk 0:12:05]} Ng7 {[%clk 0:41:51]} 38. Qe3
{[%clk 0:09:43]} Qf6 {[%clk 0:40:43]} 39. Qf3 {[%clk 0:09:32]} Nf5
{[%clk 0:38:59]} 40. Qe4 {[%clk 0:38:38]} Ne7 {[%clk 1:06:33]} 41. Qf3
{[%clk 0:37:49]} Qf5+ {[%clk 1:05:43]} 42. Be4 {[%clk 0:37:13]} Qxf3+
{[%clk 1:05:26]} 43. Bxf3 {[%clk 0:37:40]} f5 {[%clk 1:05:42]} 44. Kc3
{[%clk 0:36:54]} Kg7 {[%clk 1:05:30]} 45. Kb4 {[%clk 0:36:08]} Kf6
{[%clk 1:05:14]} 46. c5 {[%clk 0:35:27]} Ke6 {[%clk 1:05:04]} 47. Kc4
{[%clk 0:33:06]} dxc5 {[%clk 1:04:47]} 48. dxc5 {[%clk 0:32:40]} Ke5
{[%clk 1:04:54]} 49. cxb6 {[%clk 0:32:07]} cxb6 {[%clk 1:05:17]} 50. Bb7
{[%clk 0:31:15]} Ng8 {[%clk 1:03:57]} 51. Bd5 {[%clk 0:27:10]} Nf6
{[%clk 1:03:48]} 52. Bf7 {[%clk 0:19:15]} Ne4 {[%clk 1:03:41]} 53. f4+
{[%clk 0:15:53]} gxf4 {[%clk 1:03:54]} 54. gxf4+ {[%clk 0:16:10]} Kf6
{[%clk 1:01:36]} 55. Bd5 {[%clk 0:15:48]} Nd6+ {[%clk 1:01:24]} 56. Kb4
{[%clk 0:15:14]} g5 {[%clk 1:00:44]} 57. fxg5+ {[%clk 0:12:49]} Kxg5
{[%clk 1:01:02]} 58. Kc3 {[%clk 0:12:47]} Kh4 {[%clk 0:58:43]} 59. Kd4
{[%clk 0:12:46]} Nxb5+ {[%clk 0:56:07]} 60. Ke5 {[%clk 0:11:30]} Nc7
{[%clk 0:54:03]} 61. Bc6 {[%clk 0:09:59]} Kg5 {[%clk 0:51:44]} 62. h4+
{[%clk 0:07:54]} Kxh4 {[%clk 0:51:32]} 63. Kxf5 {[%clk 0:08:13]} 1/2-1/2